000 00523nam a2200181 4500
001 111143
003 ES-MaACL
005 20230906185241.0
007 t|
008 061121s1967 xxk r ||||1| eng d
100 1 _aNaylor, Vera M.
_985246
245 1 4 _aThe sufferings of the cancer patients /
_cVera M. Naylor and David Michaels.
250 _a1st publ.
260 _aLondon :
_bHutchinson Benham,
_c1967.
300 _a93 p. ;
_c22 cm.
700 1 _aMichaels, David.
_980863
852 _aES-MaACL
_jC-37000
_bR.69943
999 _c111143
_d111143